|
|
|
|
| LEADER |
00000nam a2200000 a 4500 |
| 001 |
vtls001484116 |
| 003 |
SK-MaSNL |
| 005 |
20260302040701.0 |
| 008 |
130607s2004 xo 0 und |
| 035 |
|
|
|a SNK000439410
|
| 040 |
|
|
|a SNK
|b slo
|c SNK
|e AACR2
|
| 044 |
|
|
|a xo
|c SK
|
| 245 |
1 |
|
|a STN EN ISO 284 Dopravné pásy
|b elektrická vodivosť : špecifikácia a skúšobná metóda
|
| 250 |
|
|
|a [1.vyd.]
|
| 260 |
|
|
|a Bratislava
|b Slovenský ústav technickej normalizácie
|c 2004
|
| 500 |
|
|
|a Táto norma nahrádza anglickú verziu STN EN ISO 284 z januára 2004, ktorá od 1.1.2004 nahradila STN EN 20284 z novembra 1998 v celom rozsahu
|
| 655 |
|
7 |
|a normy
|2 SNK
|9 70643
|
| 999 |
|
|
|c 1075710
|d 1077640
|
| 952 |
|
|
|t P60, <03>, [BOOK], {603}
|a SNK
|b SNK
|y PREZ
|7 0
|p 17A0448578
|o snkSTN EN ISO 284
|i snkN 4430/2004
|0 0
|1 0
|4 0
|d 2004-10-25
|l 0
|r 2005-01-02 00:00:00
|w 2026-02-24
|
| 952 |
|
|
|t P66, <07>, [BOOK], {667}
|a SNK
|b SNK
|y PREZ
|7 0
|p 17A0448577
|o snkSTN EN ISO 284 D1
|i snkN 4431/2004
|0 0
|1 0
|4 0
|d 2004-10-25
|l 0
|r 2005-01-02 00:00:00
|w 2026-02-24
|